000 00655nam a2200241Ia 4500
003 OSt
005 20220918221036.0
006 a|||||r|||| 00| 0
007 ta
008 220917b |||||||| |||| 00| 0 eng d
024 _a148,021
037 _cTextual
040 _aARTS
_cARTS
_beng
041 _2eng
_aeng
082 _aXv2.N9, M9
100 _aRothermund Dietmar
_94735
245 0 _aEconomic history of India
_b from pre-colonial times to 1986
260 _aNew Delhi
_bManohar Pub
_c1989
300 _a214p.
_ccm.
650 _aECONOMICS
942 _hXv2.N9, M9
_cTEXL
_2CC
999 _c270698
_d270698